000 00655nam a2200241Ia 4500
003 OSt
005 20221006142404.0
006 a|||||r|||| 00| 0
007 ta
008 221006b |||||||| |||| 00| 0 eng d
024 _a6,251
037 _bGift, Japan Foundation
_cTextual
040 _aEASL
_cEASL
_beng
041 _2eng
_aeng
082 _aO42,3N,1, L6
100 _aTANIZAKI Junichiro
245 0 _aMakioka sisters
260 _aNew York
_bAlfred A. Knopf
_c1976
300 _a532p.
_ccm.
490 _v JEL
942 _hO42,3N,1, L6
_cTEXL
_2CC
999 _c1074337
_d1074337